[Event "Women's Speed Chess Q1"]
[Site "chess.com INT"]
[Date "2020.06.18"]
[Round "6"]
[White "Lee, Dariya"]
[Black "Frattini, Beatriz Maria"]
[Result "0-1"]
[WhiteTitle "WCM"]
[BlackTitle "WCM"]
[WhiteElo "1523"]
[BlackElo "1868"]
[WhiteFideId "13801651"]
[BlackFideId "22715002"]
[EventDate "2020.06.18"]

1. c4 c5 2. Nc3 Nf6 3. g3 d5 4. cxd5 Nxd5 5. Bg2 Nc7 6. Nf3 Nc6 7. d3 e5 8. O-O
Bd7 9. Be3 Be7 10. Ne4 b6 11. Ned2 O-O 12. Nc4 f6 13. Qb3 Kh8 14. a3 Rc8 15. Qc3
Nd4 16. Bxd4 exd4 17. Qd2 Bc6 18. b4 Nd5 19. bxc5 Bxc5 20. Rfe1 Re8 21. Bh3 Bd7
22. Nd6 Bxh3 23. Nf7+ Kg8 24. Nxd8 Rcxd8 25. Qb2 Nc3 26. Rac1 Re7 27. e4 dxe3
28. fxe3 Bxe3+ 29. Rxe3 Rxe3 30. Qxc3 Rxf3 31. Qb3+ Kh8 32. Re1 h6 33. Qf7 Kh7
34. Qb7 Rdxd3 35. Qe4+ f5 36. Qe8 Rd2 37. Qh5 Bg4 38. Qf7 Rdf2 39. Qxa7 Bh3 40.
Qa6 Rg2+ 41. Kh1 Rff2 42. Qxb6 Rxh2+ 43. Kg1 Rfg2+ 44. Kf1 Rh1+ 45. Qg1 Rhxg1# 0-1

[Event "Women's Speed Chess Q1"]
[Site "chess.com INT"]
[Date "2020.06.18"]
[Round "6"]
[White "Divya, Deshmukh"]
[Black "Li, Xueyi"]
[Result "1-0"]
[WhiteTitle "WIM"]
[BlackTitle "WGM"]
[WhiteElo "2305"]
[BlackElo "2328"]
[WhiteFideId "35006916"]
[BlackFideId "8605912"]
[EventDate "2020.06.18"]

1. e4 c6 2. d4 d5 3. Nd2 dxe4 4. Nxe4 Nf6 5. Nxf6+ exf6 6. Nf3 Bd6 7. Be2 O-O 8.
O-O Re8 9. c3 Nd7 10. h3 Nf8 11. Be3 Ng6 12. Re1 Be6 13. Nd2 Bc7 14. Nf1 f5 15.
f3 Nf4 16. Bd3 Qg5 17. Bxf4 Qxf4 18. Qc2 g6 19. Qf2 Bb6 20. Kh1 Rad8 21. Re2 Qd6
22. Rae1 c5 23. Bb5 Rf8 24. dxc5 Bxc5 25. Qh4 Qb6 26. Ba4 a5 27. a3 Rd3 28. b4
axb4 29. axb4 Bd6 30. Qf6 Rc8 31. Rxe6 fxe6 32. Qxe6+ Kg7 33. Qxc8 1-0

[Event "Women's Speed Chess Q1"]
[Site "chess.com INT"]
[Date "2020.06.18"]
[Round "6"]
[White "Michelle Catherina, P"]
[Black "Bulmaga, Irina"]
[Result "0-1"]
[WhiteTitle "WIM"]
[BlackTitle "IM"]
[WhiteElo "2176"]
[BlackElo "2440"]
[WhiteFideId "5005736"]
[BlackFideId "13903063"]
[EventDate "2020.06.18"]

1. e4 c5 2. Nf3 d6 3. d4 cxd4 4. Nxd4 Nf6 5. Nc3 a6 6. h3 e5 7. Nb3 Be7 8. f4
Nfd7 9. g3 exf4 10. Bxf4 Ne5 11. Nd5 Be6 12. Be2 O-O 13. Qd2 Nbd7 14. O-O-O Bxd5
15. Qxd5 b5 16. Kb1 Nf6 17. Qd4 Qc7 18. g4 Rfc8 19. Rc1 Nfd7 20. g5 Nb6 21. h4
a5 22. Qf2 Nbc4 23. Rh3 Bf8 24. Nd4 b4 25. h5 a4 26. g6 fxg6 27. hxg6 Nxg6 28.
Rch1 Qf7 29. Rxh7 Qxf4 30. Rh8+ Kf7 31. Qg2 Nd2+ 32. Ka1 Nxh8 33. Rxh8 Be7 34.
Bh5+ Kf6 35. Qg6+ Ke5 36. Qe6+ Kxd4 37. Qd5+ Ke3 38. Qd3+ Kf2 39. Qe2+ Kg3 40.
Qe1+ Qf2 41. Qxd2 Qxd2 0-1

[Event "Women's Speed Chess Q1"]
[Site "chess.com INT"]
[Date "2020.06.18"]
[Round "6"]
[White "Dzagnidze, Nana"]
[Black "Morris-Suzuki, Sophie"]
[Result "1-0"]
[WhiteTitle "GM"]
[BlackTitle "WFM"]
[WhiteElo "2524"]
[BlackElo "2043"]
[WhiteFideId "13601903"]
[BlackFideId "30922615"]
[EventDate "2020.06.18"]

1. c4 b6 2. d4 Bb7 3. Nc3 Nf6 4. Bf4 e6 5. a3 c5 6. d5 exd5 7. cxd5 d6 8. e3 a6
9. a4 g6 10. Nf3 Bg7 11. h3 O-O 12. Be2 Nh5 13. Bh2 f5 14. O-O Qe7 15. Nd2 Nf6
16. Nc4 Ne8 17. Nxb6 Ra7 18. a5 Nd7 19. Nc4 Ne5 20. Nxe5 dxe5 21. Rc1 Nd6 22.
Na4 Ne4 23. d6 Nxd6 24. Nxc5 Kh8 25. b4 Rd8 26. Qb3 Bc8 27. Rfd1 Rf8 28. Qd5 Ne8
29. Rd2 f4 30. exf4 exf4 31. Bf3 Bf5 32. Rcd1 Nf6 33. Qd6 Qf7 34. Bxf4 Nh5 35.
Be5 1-0

[Event "Women's Speed Chess Q1"]
[Site "chess.com INT"]
[Date "2020.06.18"]
[Round "6"]
[White "Nurmanova, Alua"]
[Black "Gvanceladze, Anna"]
[Result "1-0"]
[WhiteTitle "WFM"]
[BlackTitle "WFM"]
[WhiteElo "2026"]
[BlackElo "2254"]
[WhiteFideId "13729390"]
[BlackFideId "4113721"]
[EventDate "2020.06.18"]

1. e4 c6 2. d4 d5 3. e5 Bf5 4. Nc3 e6 5. g4 Bg6 6. Nge2 Ne7 7. h4 h5 8. Nf4 Nd7
9. Nxg6 Nxg6 10. gxh5 Ne7 11. Bd3 Qb6 12. Ne2 c5 13. c3 Nc6 14. Bc2 O-O-O 15. a3
Kb8 16. b4 cxd4 17. cxd4 Rxh5 18. Ng3 Rh8 19. Be3 f6 20. exf6 gxf6 21. Qg4 e5
22. dxe5 d4 23. Bf4 Ncxe5 24. O-O Bd6 25. Bxe5 Nxe5 26. Qe4 Rdg8 27. Kh1 Rg4 28.
Qd5 Rgxh4+ 29. Kg1 Rf4 30. Be4 d3 31. a4 Rg4 32. Kg2 Qc7 33. Rac1 Qg7 34. Qxd6+
Ka8 35. Rc7 Rxg3+ 36. fxg3 Rh2+ 37. Kxh2 Ng4+ 38. Kg1 1-0

[Event "Women's Speed Chess Q1"]
[Site "chess.com INT"]
[Date "2020.06.18"]
[Round "6"]
[White "Vovk, Anastasiia"]
[Black "Xu, Yuanyuan"]
[Result "0-1"]
[WhiteTitle "WGM"]
[BlackTitle "WGM"]
[WhiteElo "2076"]
[BlackElo "2317"]
[WhiteFideId "14110563"]
[BlackFideId "8601089"]
[EventDate "2020.06.18"]

1. e4 c6 2. d4 d5 3. Nc3 dxe4 4. Nxe4 Bf5 5. Ng3 Bg6 6. Nf3 Nd7 7. h4 h6 8. h5
Bh7 9. Bd3 Bxd3 10. Qxd3 e6 11. Bd2 Ngf6 12. c4 Be7 13. Bc3 O-O 14. Rd1 c5 15.
O-O cxd4 16. Nxd4 Nc5 17. Qe2 Qb6 18. b4 Na4 19. Be1 Bxb4 20. Rb1 Qxd4 21. Rxb4
Nc5 22. Bd2 Qd6 23. Rfb1 Rfd8 24. Be3 b6 25. R4b2 Na4 26. Qe1 Qd3 27. Rb3 Qxc4
28. Rb4 Qa6 29. Ne2 Rac8 30. Nf4 Nc3 31. Ra1 Qa3 32. Rb3 Qa5 33. Bd2 Ne2+ 34.
Qxe2 Rxd2 35. Qf3 Rcc2 36. Nh3 Qe5 37. Rf1 Nd5 38. a4 Nc3 39. Ra3 Ne2+ 40. Kh1
Nd4 41. Qe3 Qd5 42. Rd3 Rxd3 43. Qxd3 Qc5 44. Rd1 Nf5 45. Qd8+ Kh7 0-1

[Event "Women's Speed Chess Q1"]
[Site "chess.com INT"]
[Date "2020.06.18"]
[Round "6"]
[White "Schulze, Lara"]
[Black "Zavivaeva, Emilia"]
[Result "1-0"]
[WhiteTitle "FM"]
[BlackTitle "WCM"]
[WhiteElo "2314"]
[BlackElo "1735"]
[WhiteFideId "12956830"]
[BlackFideId "34127531"]
[EventDate "2020.06.18"]

1. e4 c5 2. Nf3 Nc6 3. d4 cxd4 4. Nxd4 Nf6 5. Nc3 e5 6. Ndb5 d6 7. Bg5 a6 8. Na3
b5 9. Nd5 Be7 10. Bxf6 Bxf6 11. c3 O-O 12. Nc2 Bg5 13. a4 Rb8 14. axb5 axb5 15.
h4 Bh6 16. Be2 f5 17. Nde3 Kh8 18. exf5 Bxf5 19. Nxf5 Rxf5 20. Qd3 Qf6 21. g4 e4
22. Qxe4 Re5 23. Qxc6 Rbe8 24. Nd4 Bf4 25. Ra8 Qf7 26. Rxe8+ Rxe8 27. Qf3 Qf6
28. O-O Qe5 29. Kg2 Rf8 30. Bd3 b4 31. Qe4 Qxe4+ 32. Bxe4 bxc3 33. bxc3 Rc8 34.
Ne2 Be5 35. Rc1 g6 36. c4 Bg7 37. Bd5 Rc5 38. Rb1 Be5 39. Kf3 Kg7 40. Ke4 Rc8
41. f4 Bd4 42. Rb7+ 1-0

[Event "Women's Speed Chess Q1"]
[Site "chess.com INT"]
[Date "2020.06.18"]
[Round "6"]
[White "Demchenko, Svitlana"]
[Black "Voit, Daria"]
[Result "1-0"]
[WhiteTitle "WIM"]
[BlackTitle "WGM"]
[WhiteElo "2071"]
[BlackElo "2343"]
[WhiteFideId "14149893"]
[BlackFideId "4182146"]
[EventDate "2020.06.18"]

1. e4 e6 2. d4 d5 3. Nd2 Nf6 4. e5 Nfd7 5. Bd3 c5 6. c3 Nc6 7. Ngf3 Be7 8. O-O
g5 9. dxc5 Ndxe5 10. Bb5 Nxf3+ 11. Nxf3 Bxc5 12. Bxg5 Be7 13. Bxe7 Qxe7 14. Nd4
Bd7 15. Re1 Rg8 16. Nf5 Qg5 17. Ng3 O-O-O 18. Qa4 h5 19. h4 Qg4 20. Qxg4 Rxg4
21. Nxh5 Rxh4 22. Ng3 f5 23. f3 Rg8 24. Kf2 Rh6 25. Bxc6 bxc6 26. Ne2 e5 27. Rh1
Rhg6 28. g3 Kc7 29. Rh7 Kd6 30. Rah1 c5 31. f4 e4 32. Ke3 Rxg3+ 33. Nxg3 Rxg3+
34. Kf2 Rf3+ 35. Kg2 Rxf4 36. R1h6+ Be6 37. Rxa7 Rg4+ 38. Kf2 Rf4+ 39. Ke2 d4
40. cxd4 cxd4 41. Ra6+ Kd5 42. Rhxe6 d3+ 43. Kd2 Rf2+ 44. Kc3 Rc2+ 45. Kb3 Kd4
46. Rad6+ Ke3 47. Re5 1-0

[Event "Women's Speed Chess Q1"]
[Site "chess.com INT"]
[Date "2020.06.18"]
[Round "6"]
[White "Bodnaruk, Anastasia"]
[Black "Salimova, Nurgyul"]
[Result "0-1"]
[WhiteTitle "IM"]
[BlackTitle "IM"]
[WhiteElo "2411"]
[BlackElo "2372"]
[WhiteFideId "4181751"]
[BlackFideId "2915138"]
[EventDate "2020.06.18"]

1. e4 c6 2. Nf3 d5 3. exd5 cxd5 4. Ne5 Nc6 5. d4 Nf6 6. c3 g6 7. Bd3 Bg7 8. O-O
O-O 9. f4 Ne4 10. Bxe4 dxe4 11. Nd2 f5 12. Ndc4 Be6 13. Ne3 Nxe5 14. dxe5 Qb6
15. Kh1 Rfd8 16. Qe2 Rd3 17. Qf2 Rad8 18. h3 Bd7 19. c4 e6 20. b3 Bf8 21. Re1
Bb4 22. Re2 Bc6 23. Kh2 Bc5 24. g4 Rc3 25. gxf5 exf5 26. Qe1 Rdd3 27. Bd2 Bxe3
28. Bxc3 Bxf4+ 29. Kg2 Rg3+ 30. Qxg3 Bxg3 31. Kxg3 g5 32. Rd1 f4+ 33. Kh2 e3 34.
e6 f3 35. e7 Qc7+ 36. Kg1 Qg3+ 37. Kf1 fxe2+ 38. Kxe2 Qf3+ 39. Ke1 Qf2# 0-1

[Event "Women's Speed Chess Q1"]
[Site "chess.com INT"]
[Date "2020.06.18"]
[Round "6"]
[White "Root, Alexey"]
[Black "Kanyamarala, Trisha"]
[Result "1-0"]
[WhiteTitle "WIM"]
[BlackTitle "WIM"]
[WhiteElo "2025"]
[BlackElo "2193"]
[WhiteFideId "2004658"]
[BlackFideId "45004722"]
[EventDate "2020.06.18"]

1. d4 Nf6 2. Nf3 e6 3. c4 d5 4. e3 Bb4+ 5. Bd2 Bxd2+ 6. Qxd2 O-O 7. Nc3 b6 8.
cxd5 exd5 9. Bd3 c5 10. O-O h6 11. dxc5 bxc5 12. Rac1 Bd7 13. Rfd1 Bg4 14. Be2
Be6 15. b3 Nbd7 16. Na4 Rc8 17. Rc2 Qe7 18. Rdc1 Bf5 19. Bd3 Ne4 20. Qa5 g5 21.
Qxa7 g4 22. Nd2 Ra8 23. Qb7 Qe6 24. Nxe4 Bxe4 25. Bxe4 dxe4 26. Nxc5 Nxc5 27.
Rxc5 Rfb8 28. Qd5 Qxd5 29. Rxd5 Rxa2 30. Re5 Rxb3 31. Rxe4 Rc3 32. Rxg4+ Kh7 33.
Rf1 Rcc2 34. h4 f6 35. g3 Rc5 36. Kg2 Re5 37. Rf4 Kg7 38. Rf3 f5 39. Rb1 Kg6 40.
Rb6+ Kf7 41. Rxh6 Kg7 42. Rb6 Kf7 43. h5 Kg7 44. Kh3 Kh7 45. Kh4 Kg7 46. Kg5 1-0

[Event "Women's Speed Chess Q1"]
[Site "chess.com INT"]
[Date "2020.06.18"]
[Round "6"]
[White "Kubicka, Anna"]
[Black "Tomilova, Elena"]
[Result "1-0"]
[WhiteTitle "WIM"]
[BlackTitle "WGM"]
[WhiteElo "2256"]
[BlackElo "2353"]
[WhiteFideId "1152254"]
[BlackFideId "4162340"]
[EventDate "2020.06.18"]

1. e4 e6 2. d4 d5 3. Nd2 c5 4. Ngf3 Nc6 5. Bb5 a6 6. Bxc6+ bxc6 7. O-O Nf6 8.
Re1 a5 9. c4 Be7 10. Qa4 O-O 11. e5 Ne8 12. dxc5 Bb7 13. Nb3 dxc4 14. Qxc4 a4
15. Nbd4 Nc7 16. Bd2 Qd5 17. Rac1 Rfd8 18. Qxd5 Rxd5 19. Be3 Bxc5 20. Nxc6 Bxc6
21. Bxc5 Nb5 22. Bb6 Bb7 23. a3 h6 24. h3 g5 25. Nh2 h5 26. Nf3 g4 27. hxg4 hxg4
28. Nh2 Ra6 29. Bc7 Rd2 30. Nxg4 Rxb2 31. Nf6+ Kg7 32. Re3 Rb3 33. Bd8 Rxe3 34.
fxe3 Nxa3 35. Ne8+ Kf8 36. Nd6 Bd5 37. Rc8 Kg7 38. Bf6+ Kg6 39. Rg8+ Kh7 40.
Rg7+ Kh6 41. Nxf7+ Kh5 42. Rg5+ Kh4 43. Rg6+ Kh5 44. Rg5+ Kh4 45. Rg8+ Kh5 46.
g4# 1-0

[Event "Women's Speed Chess Q1"]
[Site "chess.com INT"]
[Date "2020.06.18"]
[Round "6"]
[White "Sihite, Chelsie Monica Ignesias"]
[Black "Khotenashvili, Bela"]
[Result "0-1"]
[WhiteTitle "WIM"]
[BlackTitle "GM"]
[WhiteElo "2252"]
[BlackElo "2458"]
[WhiteFideId "7101198"]
[BlackFideId "13602640"]
[EventDate "2020.06.18"]

1. c4 g6 2. Nc3 Bg7 3. Nf3 c5 4. g3 Nc6 5. Bg2 e6 6. O-O Nge7 7. e3 O-O 8. d4
cxd4 9. exd4 d5 10. cxd5 Nxd5 11. a3 Nb6 12. Be3 Nc4 13. Qe2 Nxe3 14. fxe3 Bd7
15. Rad1 Rc8 16. Rd2 Qa5 17. Rfd1 Ne7 18. e4 Rfd8 19. h4 Ba4 20. Rf1 Bb3 21. Qf2
Rf8 22. Re1 Rcd8 23. e5 Bd5 24. Ng5 Bxg2 25. Kxg2 Qb6 26. Nce4 Nf5 27. Nf3 h6
28. g4 Ne7 29. Nf6+ Bxf6 30. exf6 Nc6 31. Qe3 Kh7 32. Rh1 Qb5 33. Ng5+ Kg8 34.
Ne4 Kh7 35. Ng5+ Kg8 36. Nf3 Kh7 37. h5 g5 38. Qe4+ Kg8 39. Rc2 Qd5 40. Re1 Nxd4
41. Rc3 Qxe4 42. Rxe4 Nxf3 43. Kxf3 Rd7 44. Rec4 Rfd8 45. Ke4 Kf8 46. Rc8 Ke8
47. Rxd8+ Kxd8 48. Rc7 Rxc7 0-1

[Event "Women's Speed Chess Q1"]
[Site "chess.com INT"]
[Date "2020.06.18"]
[Round "6"]
[White "Gokbulut, Julia"]
[Black "Sviridova, Vlada"]
[Result "0-1"]
[WhiteTitle "WFM"]
[BlackTitle "WFM"]
[WhiteElo "1970"]
[BlackElo "2144"]
[WhiteFideId "4153979"]
[BlackFideId "24109606"]
[EventDate "2020.06.18"]

1. d4 d5 2. c4 c6 3. cxd5 cxd5 4. Nf3 Nf6 5. Nc3 Nc6 6. Bf4 a6 7. e3 Bf5 8. Nh4
Bd7 9. Bd3 e6 10. Nf3 Be7 11. O-O O-O 12. h3 Rc8 13. Rc1 h6 14. Bb1 Nh5 15. Bh2
f5 16. Ne5 Nxe5 17. Qxh5 Nc4 18. Qe2 Qb6 19. Nd1 Nd6 20. Rxc8 Rxc8 21. f3 Bb5
22. Bd3 Bxd3 23. Qxd3 Nc4 24. b3 Nd6 25. Nf2 Nb5 26. Nd1 Bf6 27. Be5 Bxe5 28.
dxe5 Qc7 29. a4 Na3 30. f4 Qc2 31. Qxc2 Rxc2 32. g4 g6 33. gxf5 gxf5 34. Rf2 Rc1
35. Rd2 Nc2 36. Kf2 Na1 37. Ke2 Nxb3 38. Rb2 Nc5 39. Kd2 Rc4 40. a5 Ra4 41. Kc3
Rxa5 42. Rg2+ Kf7 43. Nb2 Ne4+ 44. Kb3 Rb5+ 45. Kc2 Rc5+ 46. Kb1 b5 47. h4 h5
48. Nd3 Rc3 49. Ne1 Rxe3 50. Nc2 Rd3 51. Kb2 a5 52. Na3 b4 53. Nb5 Rd2+ 54. Rxd2
Nxd2 55. Kc2 Nc4 0-1

[Event "Women's Speed Chess Q1"]
[Site "chess.com INT"]
[Date "2020.06.18"]
[Round "6"]
[White "Huda, Maryana"]
[Black "Mkrtchian, Lilit"]
[Result "1-0"]
[WhiteTitle "WGM"]
[BlackTitle "IM"]
[WhiteElo "2128"]
[BlackElo "2388"]
[WhiteFideId "14116553"]
[BlackFideId "13300601"]
[EventDate "2020.06.18"]

1. e4 c5 2. Nf3 Nc6 3. d4 cxd4 4. Nxd4 e6 5. Nc3 d6 6. Be2 Nf6 7. O-O Be7 8. Be3
O-O 9. Qd2 Bd7 10. Ndb5 Qb8 11. Rfd1 Rd8 12. f4 Be8 13. Bf3 a6 14. Nd4 Ne5 15.
Be2 Neg4 16. a4 Nxe3 17. Qxe3 Qc7 18. a5 b5 19. axb6 Qxb6 20. Nf5 Qxe3+ 21. Nxe3
Rdb8 22. Nc4 Kf8 23. b3 d5 24. exd5 exd5 25. Nxd5 Nxd5 26. Rxd5 Bc6 27. Rdd1
Bc5+ 28. Kf1 Rd8 29. Ne5 Be4 30. Bd3 Bxd3+ 31. Rxd3 Rxd3 32. Nxd3 Bd4 33. Ra4
Bb6 34. h4 f6 35. h5 Kf7 36. g4 a5 37. Rc4 Re8 38. Rc6 Bd4 39. Rd6 Bc3 40. Rd7+
Ke6 41. Rxg7 Kd5 42. Rxh7 Ke4 43. h6 Kf3 44. Rc7 Bd4 45. Rd7 1-0

[Event "Women's Speed Chess Q1"]
[Site "chess.com INT"]
[Date "2020.06.18"]
[Round "6"]
[White "Zhukova, Natalia"]
[Black "Mohota, Nisha"]
[Result "1-0"]
[WhiteTitle "GM"]
[BlackTitle "IM"]
[WhiteElo "2328"]
[BlackElo "2195"]
[WhiteFideId "14101513"]
[BlackFideId "5004330"]
[EventDate "2020.06.18"]

1. c4 e5 2. Nc3 Nf6 3. Nf3 Nc6 4. e4 Bb4 5. d3 O-O 6. a3 Bxc3+ 7. bxc3 d6 8. g3
Ne8 9. Bg2 f5 10. exf5 Bxf5 11. Ng5 Nf6 12. Qe2 h6 13. Ne4 Nxe4 14. Bxe4 Bxe4
15. Qxe4 Qf6 16. O-O Qf3 17. Qxf3 Rxf3 18. Be3 b6 19. Kg2 Raf8 20. Rad1 Na5 21.
Bf4 e4 22. dxe4 Rxc3 23. e5 dxe5 24. Bxe5 Rxc4 25. Rd7 Rf7 26. Rfd1 g5 27. f4
gxf4 28. gxf4 Rc2+ 29. Kg3 c5 30. h4 Rxd7 31. Rxd7 c4 32. Kg4 Nc6 33. Bf6 c3 34.
Rc7 Na5 35. Kf5 Rc1 36. Bxc3 Nb3 37. Kg6 Rg1+ 38. Kxh6 Kf8 39. f5 a5 40. Bg7+
Ke8 41. f6 Rf1 42. Kg6 Rg1+ 43. Kh7 Rf1 44. h5 Nc5 45. Kg8 Nd7 46. Rc8# 1-0

[Event "Women's Speed Chess Q1"]
[Site "chess.com INT"]
[Date "2020.06.18"]
[Round "6"]
[White "Munoz Monroy, Cinthya Carolina"]
[Black "Mammadzada, Gunay"]
[Result "0-1"]
[WhiteTitle "WFM"]
[BlackTitle "IM"]
[WhiteElo "2007"]
[BlackElo "2443"]
[WhiteFideId "4407482"]
[BlackFideId "13403729"]
[EventDate "2020.06.18"]

1. e4 c5 2. Nf3 d6 3. c3 Nf6 4. Be2 Nbd7 5. O-O Nxe4 6. d4 e6 7. Be3 d5 8. Qa4
Be7 9. Rd1 O-O 10. dxc5 Ndxc5 11. Qc2 Qc7 12. Na3 Bd7 13. c4 Nf6 14. Rac1 Rac8
15. Qb1 Qb8 16. cxd5 Nxd5 17. Bd4 b6 18. Ne5 Ba4 19. b3 f6 20. Nec4 Be8 21. b4
Bg6 22. Qb2 Ne4 23. Bg4 Bf7 24. Qe2 f5 25. Bf3 Bxb4 26. Bxe4 Nf4 27. Qe3 fxe4
28. Be5 Nxg2 29. Kxg2 Qb7 30. Nb5 Qe7 31. Ncd6 Rxc1 32. Rxc1 Bh5 33. Rc7 Bf3+
34. Kf1 Bxd6 35. Rxe7 Bxe7 36. Nd6 Rd8 37. Qd4 Rd7 38. h3 Rc7 39. Kg1 Rc1+ 40.
Kh2 Bh4 0-1

[Event "Women's Speed Chess Q1"]
[Site "chess.com INT"]
[Date "2020.06.18"]
[Round "6"]
[White "Limontaite, Simona"]
[Black "Fuentes Inzunza, Lesly"]
[Result "1-0"]
[WhiteTitle "WIM"]
[BlackTitle "WFM"]
[WhiteElo "2171"]
[BlackElo "1840"]
[WhiteFideId "12802506"]
[BlackFideId "3408205"]
[EventDate "2020.06.18"]

1. d4 d5 2. c4 e6 3. Nc3 Be7 4. Nf3 Nf6 5. Bg5 O-O 6. e3 Ne4 7. Bxe7 Qxe7 8.
cxd5 Nxc3 9. bxc3 exd5 10. Bd3 c6 11. h3 h6 12. O-O Be6 13. Bc2 Nd7 14. Qd3 g6
15. Qd1 b5 16. e4 a6 17. Re1 dxe4 18. Bxe4 Qd6 19. a4 Rac8 20. Qd2 Kg7 21. h4
Bc4 22. h5 Nf6 23. hxg6 Nxe4 24. Rxe4 fxg6 25. Ne5 Bd5 26. Rg4 Rf6 27. Rg3 Rcf8
28. f3 h5 29. Qg5 Kh7 30. axb5 cxb5 31. Qh4 Bb7 32. Qh3 Bc8 33. Qh4 Bf5 34. Qg5
Rc8 35. Qe3 Qc7 36. Rc1 a5 37. Rg5 a4 38. g4 hxg4 39. fxg4 Bd7 40. Nxg6 Rxg6 41.
Qe7+ Kh8 42. Rh5+ Kg8 43. Qh7+ Kf8 44. Rf1+ Ke8 45. Qxg6+ Kd8 46. Rh8+ Be8 47.
Qxe8# 1-0

[Event "Women's Speed Chess Q1"]
[Site "chess.com INT"]
[Date "2020.06.18"]
[Round "6"]
[White "Allahverdiyeva, Ayan"]
[Black "Cyfka, Karina"]
[Result "0-1"]
[WhiteTitle "WFM"]
[BlackTitle "IM"]
[WhiteElo "2088"]
[BlackElo "2411"]
[WhiteFideId "13412590"]
[BlackFideId "1122681"]
[EventDate "2020.06.18"]

1. e4 e5 2. Nf3 Nc6 3. Bb5 a6 4. Ba4 Nf6 5. O-O Be7 6. Re1 b5 7. Bb3 O-O 8. c3
d5 9. exd5 Nxd5 10. Nxe5 Nxe5 11. Rxe5 c6 12. d4 Bd6 13. Re1 Qh4 14. g3 Qh3 15.
Re4 g5 16. Qf1 Qh5 17. Bd1 Qg6 18. Re1 Bf5 19. Nd2 Rae8 20. Be2 h6 21. Nf3 Be4
22. Bd2 Re7 23. h3 Rfe8 24. Nh2 Bf5 25. Bg4 Bd3 26. Qg2 h5 27. Bd7 Rxe1+ 28.
Rxe1 Rxe1+ 29. Bxe1 Bf8 30. Nf3 Bg7 31. Bd2 Be4 32. Bxg5 Qd6 33. Bc8 Nb6 34.
Bxa6 Qd5 35. Bd8 Bxf3 36. Qf1 Qxd8 37. Qd3 Qd5 38. c4 bxc4 39. Qa3 Bh1 40. Kf1
Qg2+ 41. Ke2 Qxh3 42. Qe7 Qe6+ 43. Qxe6 fxe6 44. f3 Bxd4 45. Bb7 Bxb2 46. Bxc6
c3 47. Be4 Kf7 48. Bc2 Kf6 49. a4 Nc4 50. Kf2 Ke5 51. f4+ Kd4 52. Kg1 Be4 53.
Kf2 Bxc2 54. a5 Nxa5 55. f5 exf5 56. g4 hxg4 57. Ke1 Be4 58. Ke2 c2 59. Kf2 c1=Q
60. Kg3 Qg1+ 61. Kh4 Qh2+ 62. Kg5 g3 63. Kf6 Kd5+ 64. Ke7 Qh7+ 65. Kd8 Nc6+ 66.
Kc8 Na7+ 67. Kb8 Be5+ 68. Ka8 Kc5# 0-1

[Event "Women's Speed Chess Q1"]
[Site "chess.com INT"]
[Date "2020.06.18"]
[Round "6"]
[White "Nguyen, Hong Anh"]
[Black "Mrudul, Dehankar"]
[Result "1-0"]
[WhiteTitle "WIM"]
[BlackTitle "WIM"]
[WhiteElo "1970"]
[BlackElo "2256"]
[WhiteFideId "12406732"]
[BlackFideId "25096990"]
[EventDate "2020.06.18"]

1. d4 Nf6 2. c4 e6 3. Nf3 Bb4+ 4. Bd2 c5 5. g3 Nc6 6. Bg2 Qb6 7. dxc5 Bxc5 8.
O-O Ne4 9. Be1 Qxb2 10. Qd3 Qxa1 11. Qxe4 f5 12. Qd3 Qf6 13. Bc3 Qe7 14. e4 O-O
15. exf5 Bb4 16. Ba1 d6 17. Nc3 Bxc3 18. Bxc3 e5 19. Qd5+ Kh8 20. c5 dxc5 21.
Nxe5 Nxe5 22. Bxe5 Rxf5 23. Re1 Be6 24. Qxb7 Qxb7 25. Bxb7 Re8 26. Bc6 Bd7 27.
Bxd7 Rexe5 28. Rb1 Rf8 29. Rb7 Re2 30. Bf5 Rxa2 31. Be4 Raxf2 32. Rxa7 Re2 33.
Bd3 Re1+ 34. Kg2 Re3 35. Bb5 Rc3 36. Rc7 Rc2+ 37. Kh3 g6 38. Bd3 Rc3 39. Be2 Rg8
40. Kg4 Rf8 41. Kg5 Re3 42. Bg4 Re5+ 43. Kh6 Rfe8 44. Rxh7+ Kg8 45. Rg7+ Kf8 46.
Kh7 c4 47. Rxg6 R5e7+ 48. Kh6 c3 49. Rc6 Re3 50. Bf5 Ke7 51. g4 Rh8+ 52. Kg7
Rxh2 53. Rc7+ Kd6 54. Rd7+ Ke5 55. Re7+ Kf4 56. Rc7 Rg2 57. Kf6 Re5 58. Rc4+ Kf3
59. Kxe5 Re2+ 60. Kf6 Re3 61. g5 Ke2 62. g6 Kd2 63. g7 Rg3 64. Bg6 1-0

[Event "Women's Speed Chess Q1"]
[Site "chess.com INT"]
[Date "2020.06.18"]
[Round "6"]
[White "Khalafova, Narmin"]
[Black "Mendoza, Beverly"]
[Result "1-0"]
[WhiteTitle "WGM"]
[BlackTitle "WIM"]
[WhiteElo "2279"]
[BlackElo "1945"]
[WhiteFideId "13402625"]
[BlackFideId "5201250"]
[EventDate "2020.06.18"]

1. e4 e6 2. d4 d5 3. Nd2 c5 4. Ngf3 Nf6 5. e5 Nfd7 6. c3 Nc6 7. Bd3 Qb6 8. O-O
cxd4 9. cxd4 Nxd4 10. Nxd4 Qxd4 11. Nf3 Qb6 12. Qa4 Be7 13. Qg4 Kf8 14. Bg5 Qd8
15. Qf4 h6 16. Bxe7+ Qxe7 17. Rac1 Nc5 18. Bb1 Bd7 19. b4 Na6 20. a3 g5 21. Qd4
Bb5 22. Rfe1 Bc4 23. h4 Rg8 24. hxg5 hxg5 25. Qg4 b5 26. Nd4 Rh8 27. g3 Ke8 28.
Kg2 Kd7 29. Rh1 Rag8 30. Rh5 Rxh5 31. Qxh5 g4 32. Rh1 Rg5 33. Qh7 Rxe5 34. Rh6
Re2 35. Nxe2 Bxe2 36. Qc2 Bf3+ 37. Kf1 Qg5 38. Rh8 Ke7 39. Rc8 Qh5 40. Ke1 Qh1+
41. Kd2 Qf1 42. Ke3 Qe1+ 43. Kf4 e5+ 44. Kg5 f6+ 45. Kh6 Qh1+ 46. Kg7 Ke6 47.
Qc6+ Ke7 48. Re8# 1-0

[Event "Women's Speed Chess Q1"]
[Site "chess.com INT"]
[Date "2020.06.18"]
[Round "6"]
[White "Martynkova, Olena"]
[Black "Tarleva, Vira"]
[Result "1/2-1/2"]
[WhiteTitle "WIM"]
[BlackTitle "WFM"]
[WhiteElo "2222"]
[BlackElo "2030"]
[WhiteFideId "14134039"]
[BlackFideId "14116693"]
[EventDate "2020.06.18"]

1. d4 d5 2. c4 c6 3. Nf3 Nf6 4. Nc3 e6 5. e3 a6 6. a4 c5 7. cxd5 exd5 8. Be2 Nc6
9. O-O cxd4 10. Nxd4 Be7 11. b3 O-O 12. Bb2 Nxd4 13. Qxd4 Be6 14. Bf3 Rc8 15.
Rfd1 Bc5 16. Qh4 Qb6 17. Nxd5 Bxd5 18. Bxd5 Nxd5 19. Rxd5 Qxb3 20. Rd2 Qb4 21.
Qg5 f6 22. Qd5+ Kh8 23. g3 h6 24. h4 Rcd8 25. Qxd8 Rxd8 26. Rxd8+ Kh7 27. Bd4
Qd2 28. Rd5 Bb4 29. Rd7 Bc3 30. Rb1 b5 31. axb5 axb5 32. Rxb5 Bxd4 33. Rxd4 Qc1+
34. Kh2 Qf1 35. Rb2 h5 36. Rf4 Qd3 37. Kg2 Qd5+ 38. Kh2 Qe5 39. Rb7 Kh6 40. Rd7
Qe6 41. Rdd4 Qe5 42. Rde4 Qd5 43. Kg2 Qc6 44. Kh2 Qd5 45. Rd4 Qe5 46. Rc4 Qd5
47. Rcd4 Qe5 1/2-1/2